000 00554nam a2200217Ia 4500
003 OSt
005 20220928145327.0
006 a|||||r|||| 00| 0
007 ta
008 220927b |||||||| |||| 00| 0 eng d
024 _a80182
037 _cTextual
040 _aSDCL
_cSDCL
_beng
041 _2eng
_aeng
082 _aO-,2N06,8, K3
100 _aBeckett Samuel
_9395062
245 0 _aCascando and other short dramatic pieces.
260 _c1963
942 _hO-,2N06,8, K3
_cTEXL
_2CC
999 _c833226
_d833226